[Event "Quebec op"]
[Site "Montreal"]
[Date "2004.07.24"]
[Round "8"]
[White "Lesiege, Alexandre"]
[Black "Kortschnoj, Viktor Lvovich"]
[Result "1/2-1/2"]
[WhiteElo "2497"]
[BlackElo "2568"]
[Annotator "Kortschnoj"]
[PlyCount "92"]
[EventDate "2004.07.17"]
[EventType "swiss"]
[EventRounds "9"]
[EventCountry "CAN"]
[SourceTitle "CBM 101 Extra"]
[Source "ChessBase"]
[SourceDate "2004.09.01"]
[SourceVersion "2"]
[SourceVersionDate "2004.09.01"]
[SourceQuality "1"]

1. d4 Nf6 2. c4 e6 3. Nc3 Bb4 4. e3 O-O 5. Bd3 d5 6. Nf3 c5 7. O-O dxc4 8. Bxc4
Bd7 9. a3 cxd4 (9... Bxc3 $5 10. bxc3 Qa5) 10. axb4 dxc3 11. bxc3 Qc7 12. Bd3
$1 (12. Qb3 $6 Rc8 13. Be2 Qxc3 $15) 12... e5 (12... Qxc3 {13.Ba3 or 13.Rb1
with good compensation for the pawn.}) 13. Qc2 $14 Re8 14. Nd2 $1 Nc6 15. Ba3 (
15. b5 Nd8 16. c4 Ne6 $11) 15... Rad8 (15... b5 $5) 16. c4 (16. b5 Ne7 17. Bxe7
$6 Rxe7 18. Rxa7 Qb6 19. Rfa1 Bxb5 $11) 16... Be6 17. Ne4 (17. b5 $5 Qd7 18.
bxc6 Qxd3 19. Qxd3 Rxd3 20. Nf3 $14) 17... Nxe4 18. Bxe4 h6 19. b5 Na5 20. Bb4
$1 (20. c5 Nb3 21. Rad1 Qa5 22. Bb2 Qxb5 $15) 20... Nxc4 21. Rxa7 Bd5 22. h3 (
22. Ba5 $6 Bxe4 23. Bxc7 Bxc2 24. Bxd8 Rxd8 25. Rxb7 Be4 26. Rc7 Nb6 $15) 22...
Bxe4 23. Qxe4 Rd7 24. Rc1 Qb8 25. Raa1 {25.Ra2!? Nb6 26.Rac2,25.Bc5!?} (25. Ra2
$5 Nb6 26. Rac2) (25. Bc5 $5) 25... Nb6 26. Rc5 $16 {Black solved most of his
problems, but white still has an edge due to the awkward location of the black
pieces. Especially lonesome is the knight b6.} Rc7 27. Rxc7 Qxc7 28. Ra7 Rb8
29. Ba5 h5 30. h4 $2 (30. Kh2 g6 31. g4 $1 hxg4 32. hxg4 Kf8 33. Kg2 Kg8 34. g5
Kf8 35. Qf3 Qd8 36. Rxb7 Qxg5+ 37. Kf1 Rxb7 38. Qxb7 Na4 39. Qe4 Nc5 40. Bb4
$18) 30... g6 31. Kh2 f5 $1 {The only chance to survive.} 32. Bxb6 Qxb6 33.
Qd5+ Kh7 34. Ra4 Qf6 35. g3 Qe7 36. b6 Rd8 37. Qc4 Qd7 38. Ra5 Rc8 39. Rd5 Qe6
40. Qb5 Rc6 41. Rxe5 Qa2 {Black still has to defend carefully, but soon the
white king also becomes vulnerable.} 42. Kg2 Rc2 43. Qf1 Qb2 44. Re7+ Kh6 45.
Rxb7 Rc1 46. Qd3 Rc2 1/2-1/2

[Event "Beersheba g/30'"]
[Site "Beersheba"]
[Date "2004.04.18"]
[Round "3"]
[White "Tyomkin, Dimitri"]
[Black "Kortschnoj, Viktor Lvovich"]
[Result "1/2-1/2"]
[WhiteElo "2503"]
[BlackElo "2579"]
[Annotator "Tyomkin,D"]
[PlyCount "119"]
[EventDate "2004.04.18"]
[EventType "tourn (rapid)"]
[EventRounds "11"]
[EventCountry "ISR"]
[EventCategory "12"]
[SourceTitle "CBM 101"]
[Source "ChessBase"]
[SourceDate "2004.07.27"]
[SourceVersion "1"]
[SourceVersionDate "2004.07.27"]
[SourceQuality "1"]

1. e4 c5 2. Nf3 e6 3. Nc3 Nc6 4. d4 cxd4 5. Nxd4 d6 6. g3 a6 7. Bg2 Nf6 8. a4
Bd7 9. Nb3 b6 {It seems like 9...Be7 and 9...Na5 lead to no advantage of white;
9...b6 is definitely possible (the idea is to prevent a4-a5 of white, but I
doubt white needs it here), but it's too slow;} (9... Na5 $1 10. Nxa5 (10. Nd4
$5 Be7 (10... Nc6 $5) 11. O-O O-O 12. g4 Nc6 13. g5 Ne8 14. f4 Nxd4 15. Qxd4
Bc6 16. Be3 e5 17. Qd2 exf4 18. Bxf4 Nc7 19. Nd5 $14 {1/2-1/2 Solak,D-Antic,D/
Sabac 1998/CBM 65 (53)}) 10... Qxa5 11. O-O Bc6 12. Re1 Be7 13. Bd2 Qc7 14. g4
$6 (14. a5 $5 {Kharitonov} b5 (14... Rc8 {Kharitonov} 15. Be3) (14... O-O {
Kharitonov} 15. Na4) 15. axb6 Qxb6 16. b3 $14) 14... h6 15. Qe2 O-O (15... Nh7
$6 {Kharitonov} 16. Nd5 $1 {Moiseev/}) 16. g5 $6 (16. h3 $5 {Kharitonov}) (16.
Kh1 $5 $15 {Kharitonov}) 16... hxg5 17. Bxg5 Nh7 18. Bxe7 (18. Bd2 {Kharitonov}
Bf6) 18... Qxe7 19. Rad1 e5 $1 {<->f4,d4/} 20. Rd3 Rfd8 21. Red1 b5 $1 $15 {
0-1 Enevoldsen,J-Moisieev,O/Amsterdam 1967/MCL/[Kharitonov] (40)}) (9... Be7
10. O-O (10. a5 $5) 10... O-O 11. g4 (11. f4 b5 12. axb5 Qb6+ 13. Rf2 axb5 14.
Rxa8 Rxa8 15. e5 Ne8 16. Qf3 Rd8 17. Be3 Qb8 18. Nd4 $11 {1/2-1/2 Tringov,
G-Polugaevsky,L/La Valetta 1980/EXT 2000 (28)}) 11... h6 12. Kh1 d5 $1 13. exd5
exd5 14. h3 Be6 15. Be3 Re8 16. Nd4 Nxd4 17. Bxd4 Ne4 18. Nxe4 dxe4 19. Bxe4
Bd5 20. Bxd5 Qxd5+ $44 {1/2-1/2 Shchekachev,A-Kharitonov,A/Moscow 1992/EXT 97 
(27)}) 10. O-O Be7 11. f4 O-O 12. g4 Be8 {the idea is to clear d7 for Nf6, but
black's setup is very passive;} (12... Qc7 13. g5 Ne8 14. Be3 $14) 13. g5 Nd7
14. Qg4 Nc5 15. Be3 Nb4 16. Rac1 d5 (16... Nxa4 17. f5 $1 $16 {[%cal Gf5f6]})
17. exd5 exd5 18. Nd4 Nxa4 {Korchnoi accepts all sacrifices as he always does;}
19. f5 Bc5 (19... Nxc3 20. bxc3 Na2 21. Rce1 Nxc3 22. f6 $40) 20. f6 g6 21. Qh4
$18 {White's attack is decisive now;} h5 22. gxh6 $2 (22. Bf3 $1 {[%cal Gf3h5]
This move would kill black on a spot;} Nxc3 23. bxc3 Na2 24. Bxh5 gxh5 (24...
Nxc1 25. Bg4 $18) (24... Bb5 25. Rf3 Nxc1 26. Bg4 $18) 25. Qxh5 $18) 22... Kh7
23. Bf2 Nxc3 {korchnoi smartly trades both knights of white;} 24. bxc3 Bxd4 25.
Qxd4 Nc6 26. Qxb6 d4 {Black just messes the game in bad position;} 27. Qc5 Rg8
28. cxd4 Rc8 29. d5 Ne5 30. Qd4 (30. Qe7 Nc4 31. Rfd1 Nd6 32. Qxd8 Rxd8 33. c4
$18) 30... Nc4 31. Rce1 $2 {Wrong rook!} (31. Rfe1 Nd6 32. c4) 31... Nd6 32.
Bg3 Rxc2 33. Re7 (33. Qe5 $142 $18) 33... Nf5 34. Qe4 Nxe7 35. fxe7 Qb6+ 36.
Bf2 Qb2 37. d6 Rd2 38. Qf4 $16 a5 39. Be4 f5 $2 (39... Qb4 40. Bg3 f5 41. Bf3
Qc5+ 42. Kh1 {still very messy here, but the game is more likely balanced here;
}) 40. Be3 $1 $18 {Korchnoi just blundered this move;} Rxd6 41. Qxd6 fxe4 42.
Rf8 $2 {missing a killer move;} (42. Qd5 $18 {[%cal Gf1f7] Black is defendless
here;}) 42... Qe2 43. Qf4 Qf3 44. Qxf3 exf3 45. Kf2 (45. h4 a4 46. Rxf3 a3 47.
Rf2 $18) 45... a4 46. Kxf3 (46. h4 $1 {to prevent g5 move of black;}) 46... g5
$1 {at this point of the game Korchnoi had 5 min left oh his clocks, I had
less than 2;} 47. Bc5 Bc6+ 48. Ke3 Rg6 49. Rc8 Bb5 50. Rb8 Bd7 51. Rd8 Bb5 52.
Bd4 $2 {1-move blunder, but black misses it too;} Rg8 (52... Re6+ {[%cal Ge6e7]
}) 53. Ke4 Bc6+ 54. Ke5 Bb5 55. Kf6 a3 56. Rxg8 $2 {This one misses a win,
white still has good winnning chances in the other lines;} Kxg8 57. Kg6 (57.
Kxg5 Kh7 58. Bg7 a2 59. Kf5 Bd7+ 60. Ke4 Bc6+ 61. Kd3 Kg6 62. Kc2 Be8 63. Kb2
$1 Bf7 64. Ka3 Kh7 65. Kb4 {and to d8 then with an easy win;} Kg6 66. Kc5 Be8
67. Kb6 Ba4 68. Kc7 Kf7 69. Kd8 Bb5 70. e8=Q+ Bxe8 71. Bd4 Kg6 $11) (57. Ke6 a2
58. Kd6 Kh7 59. Bg7 Kg8 60. Kc7 Kf7 61. Kd8 g4 62. Bd4 Kg6 {and black holds;})
(57. h7+ Kxh7 58. Kf7) 57... Bd3+ 58. Kxg5 Kf7 59. Kf4 Bh7 60. Ke3 1/2-1/2

[Event "Ptuj zt"]
[Site "Ptuj"]
[Date "1995.??.??"]
[Round "5"]
[White "Gostisa, Leon F"]
[Black "Kortschnoj, Viktor Lvovich"]
[Result "1-0"]
[WhiteElo "2420"]
[BlackElo "2635"]
[Annotator "Huebner,R"]
[PlyCount "53"]
[EventDate "1995.04.??"]
[EventType "tourn"]
[EventRounds "15"]
[EventCountry "SLO"]
[EventCategory "10"]
[SourceTitle "CBM 047"]
[Source "ChessBase"]
[SourceDate "1995.08.01"]
[SourceVersion "1"]
[SourceVersionDate "1995.08.01"]
[SourceQuality "1"]

1. d4 Nf6 2. Nf3 d5 3. c4 c6 4. Nc3 dxc4 5. a4 Bf5 6. Ne5 e6 7. e3 {Harmlos}
Nbd7 8. Nxc4 Bb4 9. Be2 Nb6 10. Qb3 a5 11. Ne5 Qd5 $1 12. Qxd5 exd5 $15 13. g4
$6 (13. Bd2 $5) 13... Bc2 14. Bd2 O-O 15. f3 Rfd8 (15... Ne8 $5 {Mit der
Absicht 16...Sd6.}) 16. Bd1 Bxd1 17. Kxd1 Nfd7 (17... Nc4 $5 18. Nxc4 dxc4 $13)
(17... Ne8 18. b3 Nd6 19. Nd3 Bxc3 20. Bxc3 {Diese Stellung ist nicht
voreilhaft für Schwarz (a5).}) 18. Nxd7 Rxd7 19. b3 c5 (19... Re8 20. Na2 Bxd2
21. Kxd2 $10 {Weiß beabsichtigt Sa2-c1-d3.}) 20. Ke2 c4 21. Rhb1 Re8 $2 (21...
cxb3 22. Nb5 (22. Rxb3 Nc4 23. Be1 (23. Bc1 Re8 $36) 23... Re8 24. Nb5 Rde7 25.
Bf2 Bd2 26. e4 dxe4 27. fxe4 Rxe4+ 28. Kd3 Be3 29. Kxc4 (29. Bxe3 Rxe3+ 30.
Kxc4 Rc8+ $19) 29... Bxf2 30. Rf3 Re2 $17) 22... Bxd2 23. Kxd2 Nc4+ 24. Kd3 b2
25. Ra2 Rc8 26. Na3 Re7 27. e4 dxe4+ 28. fxe4 Nxa3 29. Rxa3 Rc1 30. Rxb2 Rd1+
31. Ke3 Re1+ 32. Kf3 R7xe4 33. Rxb7 h5 34. gxh5 Rxd4 35. Rb5 $10) 22. Nd1 (22.
Nb5 $6 Rde7) 22... Rde7 $2 (22... Bxd2 23. Kxd2 cxb3 24. Rxb3 Nc4+ 25. Kd3 $16)
23. Bxb4 $18 axb4 24. a5 c3 25. Kd3 Nc4 {Zieht der Springer auf ein anderes
Feld, so folgt 26.Ta4+-; 25...Tc8 26.Kc2 hilft auch nichts.} 26. bxc4 dxc4+ 27.
Kc2 1-0

[Event "Ubeda"]
[Site "Ubeda"]
[Date "1997.02.07"]
[Round "1"]
[White "Lautier, Joel"]
[Black "Kortschnoj, Viktor Lvovich"]
[Result "1-0"]
[WhiteElo "2630"]
[BlackElo "2635"]
[Annotator "Lautier,J"]
[PlyCount "115"]
[EventDate "1997.02.07"]
[EventType "tourn"]
[EventRounds "11"]
[EventCountry "ESP"]
[EventCategory "16"]
[SourceTitle "CBM 058"]
[Source "ChessBase"]
[SourceDate "1997.06.01"]
[SourceVersion "1"]
[SourceVersionDate "1997.06.01"]
[SourceQuality "1"]

1. e4 e5 2. Nf3 Nc6 3. Bb5 Nf6 4. O-O Nxe4 5. d4 a6 6. Ba4 b5 7. Bb3 d5 8. dxe5
Be6 9. Be3 Be7 10. c3 Qd7 11. Nbd2 Bg4 $4 $146 {Quite an amazing mistake,
coming from one of the greatest experts on the Open Ruy. Viktor's enthusiasm
at finding new ideas over the board sometimes backfires.} 12. Nxe4 dxe4 13. Qd5
$1 {[%csl Ra8,Rc6,Re4,Rf7][%cal Rd5a8,Rd5e4,Rb3f7] Effectively ends the game.
The rest is already a matter of technique, although my opponent's pugnacity
allows the game to drag on for another fifty moves.} Qxd5 (13... O-O $2 14.
Qxe4 $18) (13... exf3 $2 14. Qxf7+ Kd8 {with two ways for White to cash in:}
15. Qxg7 (15. e6 Qe8 16. Qxe8+ Kxe8 (16... Rxe8 17. Bd5) 17. Bd5 Rd8 18. Bxc6+
Kf8 19. Bd7 $18) 15... Re8 16. Rfd1 Bd6 17. Qf6+ Kc8 (17... Qe7 18. Qxe7+ Kxe7
19. exd6+ cxd6 20. Bd5 $18) 18. exd6 fxg2 19. dxc7 Bxd1 20. Rxd1 Qxc7 21. Be6+
$18) 14. Bxd5 O-O-O 15. Bxc6 exf3 16. gxf3 Bd7 $8 17. Be4 Be6 18. a4 {To add
to Black's misfortunes, his queenside is a ready-made target.} f5 19. Bc6 (19.
exf6 $5 {This was possibly stronger.} gxf6 20. axb5 Bh3 21. Bf4 $1 {The move I
missed, and mentioned to me by Viktor during dinner !} Bd6 (21... Rdg8+ 22. Bg3
Bxf1 23. Kxf1 Bc5 (23... axb5 $2 24. Bc6 $18) 24. Rxa6 (24. bxa6 Ba7 $16) 24...
Bb6 25. Bxh7 $18) 22. Bg3 Bxf1 23. Kxf1 $16 {White's advantage is overwhelming.
}) 19... b4 $8 20. cxb4 Bxb4 21. f4 Bb3 (21... Bd5 $142 $1 {was a grittier
defence, as Black improves his defensive chances by trading pieces. The reason
is clear: the exposure of his king is more serious a handicap than his
material disadvantage.} 22. Rfc1 a5 23. Bxd5 Rxd5 24. Rc4 (24. Bb6 $2 c5) 24...
Rhd8 25. Rac1 Rd1+ (25... R8d7 26. Kg2 Kb7 27. Bc5 $1 $16) 26. Kg2 Rxc1 27.
Rxc1 Rd5 {>< c5} 28. Kf3 Kd7 29. h4 $16 {h5, Rg1}) 22. Rfc1 Bd2 (22... Rd3 23.
Bg2 $18 {/\ Bf1, /\ Rc6}) 23. Bxd2 Rxd2 24. Rc3 Rxb2 25. Rac1 {White now
crashes through to the seventh rank.} Be6 (25... Rd8 $2 {fails to the tactical}
26. Rxb3 $1 Rxb3 27. e6 $18) 26. Bg2 Rb4 27. Rxc7+ (27. Rc6 $142 Re8 28. Rxa6
Re7 29. a5 $18 {was more precise, as it keeps Black bottled up.}) 27... Kb8 28.
Re7 Rc8 29. Re1 Bb3 30. a5 $1 {keeping this pawn is of course essential.} (30.
Rxg7 Bxa4 $16 {<=> o^a}) 30... Ba4 31. Rxg7 Rc7 32. Rg8+ Rc8 33. Rg7 $138 {
I was reluctant to change pieces, as I intended to harass the hapless Black
king. Still, 33.Rc8 was simpler.} (33. Rxc8+ $142 Kxc8 34. e6 Be8 35. Bf1 (35.
e7 Kd7) 35... Rxf4 (35... Kb7 36. e7 Rxf4 37. Rd1 Rg4+ 38. Bg2+ Kc7 39. Rd8 Rg8
(39... Bc6 40. f3 $18) 40. h4 $18) 36. Bxa6+ Kc7 37. Bd3 $18 (37. Bf1 $2 Rg4+))
33... Rc7 34. Rg8+ Rc8 35. Rg5 Rxf4 36. e6 Re8 37. Rg7 Rg4 $8 38. Rxg4 fxg4 39.
Bd5 (39. Bf1 $6 Bb5 40. Bxb5 axb5 41. Re5 Kc7 42. Rxb5 Rxe6 43. Rg5 Re1+ 44.
Kg2 Ra1 $14) (39. h3 $1 {was the cleanest, with a forced win} h5 (39... gxh3
40. Bxh3 Kc7 41. f4 Kd6 42. f5 $18) 40. Rb1+ {/\ Rb6} Bb5 41. Bc6 Rxe6 42. Bxb5
axb5 43. Rxb5+ Kc7 44. Rxh5 $18) 39... Kc7 40. Re4 Bd1 41. Bc4 Bf3 42. Re3 Bc6
(42... Bb7 $142) 43. Kf1 Bb7 44. Rb3 $1 $18 {[%csl Gb6][%cal Gb3b6]} Bf3 45.
Ke1 h5 46. Kd2 Kd6 47. Rb6+ Kc5 48. Kc3 Bc6 49. Rxa6 Rf8 50. e7 $1 Rf3+ 51. Kd2
Ba4 52. Be2 Rxf2 53. Ra8 Rxh2 54. Rc8+ Kd6 55. e8=Q Bxe8 56. Rxe8 g3 57. a6 Rh1
58. a7 1-0

[Event "EU-chT (Men) 11th"]
[Site "Pula"]
[Date "1997.05.??"]
[Round "4.1"]
[White "Godena, Michele"]
[Black "Kortschnoj, Viktor Lvovich"]
[Result "1/2-1/2"]
[WhiteElo "2545"]
[BlackElo "2635"]
[Annotator "Finkel,A"]
[PlyCount "81"]
[EventDate "1997.05.05"]
[EventType "team-swiss"]
[EventRounds "9"]
[EventCountry "CRO"]
[SourceTitle "CBM 057 Extra"]
[Source "ChessBase"]
[SourceDate "1997.05.01"]
[SourceVersion "1"]
[SourceVersionDate "1997.05.01"]
[SourceQuality "1"]
[WhiteTeam "Italy"]
[BlackTeam "Switzerland"]
[WhiteTeamCountry "ITA"]
[BlackTeamCountry "SUI"]

1. e4 c6 2. d4 d5 3. Nc3 dxe4 4. Nxe4 Bf5 5. Nc5 Nd7 6. Bd3 (6. Nxb7 $5 Qb6 7.
Nc5 Nxc5 8. dxc5 Qxc5 9. c3 Rd8 10. Qa4 Qb6 11. Nf3 e6 $11) 6... Nxc5 $5 {
Kortchnoi is known for his fighting spirit so he chooses variation where are
more possibilities to get lively game.After} (6... Bxd3 7. Nxd3 e6 8. Nf3 Ngf6
9. O-O Bd6 10. Qe2 O-O 11. b3 Qc7 12. Bb2 c5 13. dxc5 Nxc5 $11 {as occured in
game Kengis Edvins-Grigore George/It, Cologne (Germany) 1993 (41) black
does'nt have any problems to equalize,but his chances to win the game are slim.
}) 7. Bxf5 e6 8. Bh3 Nd7 9. Nf3 Bd6 10. g3 Ngf6 (10... Qb6 $6 11. Bg2 Ngf6 12.
O-O O-O-O 13. c4 Bc7 14. Qe2 $14) 11. Qe2 O-O 12. O-O Qc7 13. Re1 c5 14. dxc5
Nxc5 15. Be3 Rac8 16. Rad1 $14 {Both sides has finished the development of the
pieces and we can make some conclusions about opening results;white has a
bishops pair,three pawns against two on the queenside.All this makes his
chances in the forthcoming strugle preferable.} Rfe8 17. c3 a6 18. Rd4 b5 19.
Red1 Rcd8 20. Bg5 (20. Bg2 $5 Be7 (20... e5 $5 21. R4d2 Nfe4 22. Rc2 f5 23. Ng5
Nxg5 24. Bxg5 Be7 25. Bxe7 $14) 21. Bf4 Qb6 22. Ne5 Rxd4 23. Rxd4 $14) 20...
Be7 21. Rxd8 {White very clearly shows his intensions to make a draw,that is
the reason why he decides to change all major pieces.After this he looses an
advantage and even finds himself on defensive side.Deserved attension} (21. Bf4
Qb6 22. Bg2 Nd5 23. Bg5 $5 $14) 21... Rxd8 22. Rxd8+ Qxd8 23. Ne5 Qc7 24. Bg2
h6 25. Bc1 Bd6 26. Nd3 Ncd7 27. Bd2 $6 (27. Bf4 e5 28. Be3 e4 29. Nf4 $14)
27... Nb6 28. a3 $6 {White playes this part of the game too passively,but
still the position remains balanced.} Qc4 29. Nc1 Nfd5 30. Bf1 Qa4 31. Nd3 Qb3
32. Bc1 a5 33. Nf4 Bxf4 34. gxf4 Nc4 35. f5 e5 (35... exf5 36. Qe8+ Kh7 37.
Qxf7 Nf6 38. Qe6 Qc2 39. Be3 $14) 36. Qd3 Nf4 37. Bxf4 exf4 38. f6 Nxb2 (38...
gxf6 $5) 39. Qd8+ Kh7 40. fxg7 Kxg7 41. Qd4+ 1/2-1/2

[Event "Hoogovens"]
[Site "Wijk aan Zee"]
[Date "1997.01.25"]
[Round "6"]
[White "Sokolov, Ivan"]
[Black "Kortschnoj, Viktor Lvovich"]
[Result "1-0"]
[WhiteElo "2615"]
[BlackElo "2635"]
[Annotator "Alterman,B"]
[PlyCount "113"]
[EventDate "1997.01.18"]
[EventType "tourn"]
[EventRounds "13"]
[EventCountry "NED"]
[EventCategory "16"]
[SourceTitle "CBM 057"]
[Source "ChessBase"]
[SourceDate "1997.04.01"]
[SourceVersion "1"]
[SourceVersionDate "1997.04.01"]
[SourceQuality "1"]

1. d4 Nf6 2. c4 e6 3. Nc3 Bb4 4. Qc2 d5 5. a3 Bxc3+ 6. Qxc3 Ne4 7. Qc2 c5 8.
dxc5 Nc6 (8... Na6 9. cxd5 Qa5+ 10. Bd2 Nxd2 11. Qxd2 Qxd2+ 12. Kxd2 Nxc5 (
12... exd5 13. b4 $16) 13. Ke3 exd5 14. Rc1 b6 $14) 9. e3 Qa5+ 10. Bd2 Nxd2 (
10... Qxc5 11. Nf3 Nxd2 12. Nxd2 Ne5 (12... O-O 13. O-O-O Rd8 14. Bd3 h6 15.
cxd5 Qxc2+ 16. Bxc2 exd5 17. Nb3 Kf8 18. Rd2 Be6 19. f4 Rac8 20. Kb1 Ne7 21.
Nd4 Bd7 22. Rhd1 Re8 {1/2-1/2 Obukhov,A-Balashov,Y/Kurgan (06) ,CBM 43 1994})
13. Rc1 dxc4 14. Nxc4 Nxc4 15. Bxc4 O-O 16. O-O Bd7 17. Qd2 {1/2-1/2 Kiriakov,
P-Kholmov,R/Moscow-12 1995}) 11. Qxd2 dxc4 (11... Qxd2+ 12. Kxd2 d4 $14) (11...
Qxc5 $5 12. b4 Qe7 $1 13. Nf3 (13. cxd5 exd5 14. Qxd5 Be6 $44 {|^} 15. Qe4 $6
Qf6) 13... O-O 14. b5 Qf6 (14... Nb8 15. cxd5 Rd8 16. Qc3 $1 exd5 17. Bd3 $14)
15. Rd1 (15. Rc1 {>=}) 15... Ne7 (15... Ne5 {>=} 16. Nxe5 Qxe5 $10) 16. c5 $1
a6 17. a4 axb5 18. axb5 Ra1 19. Rc1 $6 (19. Be2) 19... Rxc1+ 20. Qxc1 Bd7 (
20... e5 $5 21. Qb2 Ng6 22. Be2 d4 23. exd4 e4 $5 $132 (23... Nf4 $5)) 21. Bd3
e5 22. Be2 Rc8 23. O-O Ng6 {/\ Qe7} 24. Qa3 $1 d4 (24... Qe7 25. Rc1 b6 26. Qa7
$1 Rxc5 27. Rxc5 bxc5 28. b6 $16) 25. Qa7 $1 dxe3 26. c6 $1 $16 {1-0 Gurevich,
M-Portisch,L/Reggio Emilia 49/667 1989 (56)}) 12. Bxc4 (12. Qxa5 Nxa5 13. Rc1
b5 14. cxb6 Bb7 15. Nf3 Ke7 16. Nd2 Rhc8 17. Be2 axb6 18. O-O {1/2-1/2 Dao
Thien Hai-Loginov,V/Budapest FS FebGM (12) ,CBM 40 1994 (26)}) 12... Qxc5 13.
Rc1 Qg5 14. f4 Qh4+ 15. Qf2 (15. g3 Qe7) 15... Qxf2+ 16. Kxf2 Bd7 17. Nf3 Rc8
18. b4 $1 {This important move has given better prospects for White. 18.Rhd1
Na5! is not enough for an advantage.} Ke7 (18... Ne7 $14) 19. Be2 f6 (19...
Rhd8 20. Ng5 h6 21. Ne4 Nb8 $14) 20. g4 $5 (20. Rhd1) 20... h6 $6 (20... Nb8 $1
21. g5 Rxc1 22. Rxc1 Rc8 23. gxf6+ gxf6 24. Rg1 Kf8 $1 {with only slightly
better prospects for White.}) 21. h4 a6 22. g5 hxg5 23. hxg5 b5 (23... e5 24.
Nh4 Rhd8 25. Ng6+ Kf7 26. Bh5 $40) 24. Nh4 $1 Ke8 25. Nf5 Rxh1 $8 26. Nd6+ Kf8
27. Rxh1 Rc7 28. Ne4 (28. gxf6 $5 gxf6 29. Rh7 Kg8 30. Bd3 (30. Rf7 $1 Nd8 31.
Re7 Nc6 32. Ne8 Nxe7 33. Nxc7 Bc8 34. e4 $16) 30... f5 31. Rf7 Ra7 $1 $10)
28... fxg5 29. Nxg5 e5 30. Rh8+ Ke7 31. Rg8 exf4 32. exf4 Nd4 33. Rxg7+ Kf8 34.
Rf7+ Ke8 35. Bh5 $14 Kd8 36. Ne4 Rc4 37. Nc5 Bc8 38. Bg6 a5 $1 39. f5 axb4 (
39... Nxf5 40. Bxf5 Bxf5 (40... Rf4+ 41. Ke3 Rxf5 42. Nb7+ Bxb7 43. Rxf5 $18)
41. Nb7+ $18) 40. axb4 Rxb4 41. f6 Ne6 42. Nd3 Rc4 (42... Ra4 $1 43. Re7 Ra6 (
43... Ng5 $1 44. Re8+ Kc7 45. Re5 Ne6 46. Bf5 Kd6 47. f7 Ke7 $10) 44. Re8+ Kc7
45. f7 Bd7 46. Be4 $18) 43. Re7 Nf4 $2 (43... Nc7 $2 44. Re8+ $1 Nxe8 45. f7
$18) (43... Ng5 44. Re8+ Kc7 45. Re5 Ne6 46. Rxb5) 44. Ne5 Be6 45. Re8+ Kc7 46.
Nxc4 Bxc4 47. Bf5 Kd6 48. Bg4 Ng6 (48... b4 $18) 49. Bh5 Bf7 50. Re4 b4 (50...
Kd5 51. Ke3 $18) 51. Ke1 $1 Kd7 52. Kd2 Kd6 53. Kc1 Kd5 54. Re1 Kd6 55. Bxg6
Bxg6 56. Re7 Bf5 57. Ra7 1-0